[Event "AUTO-ADV-4100"]
[Site "http://www.queenalice.com/game.php?id=1551292"]
[Date "2018.12.1"]
[Round "1"]
[White "bluprince"]
[Black "MHRangel"]
[Result "1-0"]
[WhiteElo "1938"]
[BlackElo "1811"]

1. e4 c5 2. e5 Nc6 3. Nf3 d6 4. Bb5 g6 5. exd6 Qxd6 6. O-O Nf6 7. h3 Bg7 8. Re1
O-O 9. Nc3 Nh5 10. Ne4 Qd5 11. c4 Qd8 12. Nxc5 Bxh3 13. gxh3 Qc8 14. Kg2 Nf4+
15. Kg3 Qxh3+ 16. Kxf4 e5+ 17. Ke3 Bh6+ 18. Kd3 Qf5+ 19. Kc3 Bg7 20. Ne4 Nd4 21.
Nxd4 exd4+ 22. Kd3 a6 23. Ba4 b5 24. cxb5 axb5 25. Bb3 Qh3+ 26. Kc2 d3+ 27. Kb1
Qf5 28. f3 h5 29. Nc3 b4 30. Nd5 Rab8 31. a3 h4 32. Nxb4 h3 33. Ka2 Be5 34. Bc4
Rbd8 35. Re3 h2 36. Bxd3 Qf4 37. Re4 Qg3 38. Re1 Bd4 39. Rh1 Kg7 40. Rb1 Qg1 41.
Qf1 Rh8 42. b3 Qxf1 43. Bxf1 Rde8 44. Nc2 Bg1 45. Bb2+ f6 46. Rd1 Kf7 47. Bc4+
Kg7 48. a4 g5 49. Bd4 Bxd4 50. Nxd4 Kg6 51. Ne2 Re5 52. Ng3 f5 53. d4 Re3 54.
Rd2 Rxf3 55. Nf1 g4 56. Rhxh2 Rd8 57. Rd1 f4 58. Be2 Rc3 59. Bxg4 Kg5 60. Rg2
Kh4 61. Nd2 Rxd4 62. Nf3+ 1-0

[Event "AUTO-ADV-4100"]
[Site "http://www.queenalice.com/game.php?id=1551293"]
[Date "2018.12.1"]
[Round "1"]
[White "MHRangel"]
[Black "bluprince"]
[Result "0-1"]
[WhiteElo "1836"]
[BlackElo "1923"]

1. d4 d5 2. e4 dxe4 3. Nc3 Nf6 4. f3 exf3 5. Nxf3 Bg4 6. Be2 e6 7. O-O Bd6 8.
Bg5 c6 9. Bxf6 Qxf6 10. Ne4 Qe7 11. Nxd6+ Qxd6 12. Ne5 Bxe2 13. Qxe2 Qxd4+ 14.
Rf2 f6 15. Nd3 O-O 16. Qxe6+ Kh8 17. Qe7 Nd7 18. Qb4 Qxb4 19. Nxb4 Rae8 20. Nd3
Ne5 21. b3 Re6 22. Nc5 Re7 23. h3 b6 24. Na4 Ref7 25. Nc3 f5 26. Re1 Ng6 27. Re6
Rf6 28. Rxf6 Rxf6 29. g3 f4 30. g4 Nh4 31. Ne4 Rf8 32. Nd6 g5 33. a4 Rf6 34. Nc8
Re6 35. Nxa7 Re3 36. Nxc6 Rxh3 37. Ne5 Kg7 38. b4 Ra3 39. a5 bxa5 40. b5 Ra1+
41. Kh2 a4 42. b6 Rb1 43. Nd7 a3 44. c4 Rb2 45. Kg1 Ng6 46. c5 Ne7 47. Ne5 a2
48. b7 a1=Q+ 49. Rf1 Qxf1+ 50. Kxf1 Rxb7 51. Kf2 Rb3 52. c6 Rb5 53. c7 Rxe5 0-1

[Event "Challenge"]
[Site "http://www.queenalice.com/game.php?id=1554410"]
[Date "2018.12.28"]
[Round "-"]
[White "Kkaio77"]
[Black "bluprince"]
[Result "1-0"]
[WhiteElo "1933"]
[BlackElo "1934"]

1. c4 e5 2. Nc3 Nf6 3. Nf3 e4 4. Ng5 Qe7 5. Qc2 d6 6. Ngxe4 Bf5 7. Nxf6+ Qxf6 8.
d3 Be6 9. g3 Nc6 10. Bg2 Rb8 11. O-O Qe7 12. Nd5 Qd7 13. Re1 Ne7 14. Nf4 c6 15.
Nxe6 Qxe6 16. b4 d5 17. Bf4 Rd8 18. b5 Ng6 19. cxd5 cxd5 20. Be3 b6 21. Rec1 Be7
22. Qc6+ Rd7 23. Qxe6 fxe6 24. Rc6 Bd6 25. Bh3 Nf8 26. Bd4 Rg8 27. e4 Rd8 28.
exd5 exd5 29. Re1+ Be7 30. Rc7 Rd7 31. Bxd7+ Nxd7 32. Rc8+ Kf7 33. Rxg8 Bf6 34.
Bxf6 Nxf6 35. Ra8 1-0

[Event "Challenge"]
[Site "http://www.queenalice.com/game.php?id=1557103"]
[Date "2019.1.17"]
[Round "-"]
[White "WLAO"]
[Black "bluprince"]
[Result "0-1"]
[WhiteElo "1642"]
[BlackElo "1918"]

1. e4 e5 2. Nf3 Bd6 3. d3 h6 4. g3 Nc6 5. Bg2 Nf6 6. Nbd2 Bc5 7. O-O b6 8. a3 a5
9. c4 Bb7 10. a4 Qe7 11. b3 d6 12. Ba3 Bxa3 13. Rxa3 d5 14. Ra1 dxe4 15. dxe4
Rd8 16. Qe2 O-O 17. Bh3 Nd4 18. Nxd4 exd4 19. Qf3 Nxe4 20. Nxe4 Bxe4 21. Qf4 Bc6
22. Bg2 Bxg2 23. Kxg2 Rd7 24. Rfe1 Qc5 25. Re5 Qc6+ 26. Kg1 d3 27. Rd1 Rfd8 28.
Rd2 Rd4 29. Qe3 Kf8 30. Re7 Qd6 31. Re4 Qc5 32. Re5 Qd6 33. Rf5 Re8 34. Qf3 f6
35. Qh5 Qc6 36. Qg6 Re1# 0-1

[Event "Challenge"]
[Site "http://www.queenalice.com/game.php?id=1557791"]
[Date "2019.1.23"]
[Round "-"]
[White "WLAO"]
[Black "bluprince"]
[Result "0-1"]
[WhiteElo "1537"]
[BlackElo "1936"]

1. e4 e5 2. Nf3 Nc6 3. d3 Nf6 4. Bg5 h6 5. Bxf6 Qxf6 6. Nbd2 Qe6 7. c3 d6 8. Nh4
g6 9. b4 a6 10. g3 Qe7 11. Ndf3 Bg4 12. Bg2 Qe6 13. O-O Be7 14. h3 Bxf3 15. Nxf3
b5 16. a4 bxa4 17. Rxa4 Qc8 18. c4 O-O 19. b5 axb5 20. Rxa8 Qxa8 21. cxb5 Nb4
22. Qd2 Qa3 23. Rc1 Rb8 24. Rxc7 Bd8 25. Rd7 Nxd3 26. Qxh6 Qc5 27. Ng5 Qc1+ 28.
Kh2 Qxg5 29. Qxg5 Bxg5 30. Rxd6 Nxf2 31. b6 Be3 32. g4 Bxb6 33. Kg3 Bd4 34. h4
Rb3+ 35. Kh2 Nxg4+ 36. Kh1 Rb1+ 37. Bf1 Rxf1+ 38. Kg2 Rg1+ 39. Kf3 Nf2 40. Rd8+
Kg7 41. h5 gxh5 42. Rc8 h4 43. Rc2 Rg3+ 44. Ke2 h3 45. Kf1 h2 46. Rxf2 h1=Q+ 47.
Ke2 Re3+ 48. Kd2 Qe1+ 49. Kc2 Qxf2+ 50. Kb1 Re1# 0-1

[Event "Challenge"]
[Site "http://www.queenalice.com/game.php?id=1559512"]
[Date "2019.2.3"]
[Round "-"]
[White "yasseryack"]
[Black "bluprince"]
[Result "1-0"]
[WhiteElo "1926"]
[BlackElo "1949"]

1. f4 d5 2. d3 d4 3. Nf3 Nc6 4. g3 Nf6 5. Bg2 h6 6. O-O Bf5 7. Nh4 Qd7 8. Bxc6
Qxc6 9. Nxf5 Qd5 10. Nh4 e6 11. e4 dxe3 12. Bxe3 Bc5 13. d4 Ng4 14. Qxg4 Bxd4
15. Bxd4 Qxd4+ 16. Kh1 Qxb2 17. Nd2 Qxc2 18. Nb3 O-O-O 19. Nf3 g6 20. Qh3 Qc3
21. Ne5 Rh7 22. Nxf7 Rxf7 23. Qxe6+ Rdd7 24. Qe8+ 1-0

[Event "Challenge"]
[Site "http://www.queenalice.com/game.php?id=1559751"]
[Date "2019.2.4"]
[Round "-"]
[White "WLAO"]
[Black "bluprince"]
[Result "0-1"]
[WhiteElo "1537"]
[BlackElo "1932"]

1. e4 e5 2. Nf3 Nc6 3. c3 Nf6 4. d3 h6 5. b4 b5 6. Be3 a6 7. Nh4 d6 8. Qf3 Bg4
9. Qg3 Qd7 10. Nd2 Nh5 11. Ng6 Nxg3 12. Nxh8 Nxh1 13. f3 Be6 14. g4 Be7 15. Bg2
O-O-O 16. Bxh1 Rxh8 17. h3 Bh4+ 18. Kd1 Qe7 19. Kc2 Bg5 20. a4 Bxe3 21. axb5
axb5 22. Ra8+ Nb8 23. Ra5 Qh4 24. Rxb5 Qf2 25. Ra5 Qxd2+ 26. Kb1 Qc1# 0-1

[Event "Challenge"]
[Site "http://www.queenalice.com/game.php?id=1560151"]
[Date "2019.2.8"]
[Round "-"]
[White "gfalk"]
[Black "bluprince"]
[Result "1-0"]
[WhiteElo "1942"]
[BlackElo "1934"]

1. f4 d5 2. Nf3 Nc6 3. g3 h6 4. Bg2 Be6 5. d3 Qd7 6. e4 dxe4 7. dxe4 Qxd1+ 8.
Kxd1 O-O-O+ 9. Nbd2 Nf6 10. Re1 Bg4 11. c3 g6 12. h3 Bxf3+ 13. Bxf3 e5 14. f5 g5
15. Kc2 Bc5 16. Nf1 Rd6 17. b4 Bb6 18. Ba3 Rd7 19. Rad1 a6 20. Rxd7 Nxd7 21. Bh5
f6 22. Bc1 Rd8 23. Rd1 Nf8 24. Rxd8+ Nxd8 25. Be3 Bxe3 26. Nxe3 b5 27. Ng4 Nb7
28. Nxf6 c5 29. Ng8 cxb4 30. cxb4 Nd6 31. Kd3 Nd7 32. f6 Kd8 33. f7 Nc8 34. Nxh6
Ke7 35. Ke3 Nd6 36. Bg4 Nf8 37. h4 gxh4 38. gxh4 Nxf7 39. Nxf7 Kxf7 40. Bc8 Ng6
41. Bxa6 Nxh4 42. Bxb5 Ng6 43. Bc6 Ke7 44. Kd3 Kd6 45. Be8 Ne7 46. Kc4 Kc7 47.
Kc5 Nc8 48. Kd5 Nd6 49. Bc6 Nxe4 50. Kxe4 Kxc6 51. Kxe5 Kb5 52. a3 Kc4 53. Kd6
Kb5 54. Kd5 Ka4 55. Kc5 Kxa3 56. b5 Ka4 57. b6 Ka5 58. Kc6 Kb4 59. b7 Ka4 60.
b8=Q Ka3 61. Kc5 Ka2 62. Kc4 Ka1 63. Kc3 Ka2 64. Qb2# 1-0

[Event "Challenge"]
[Site "http://www.queenalice.com/game.php?id=1563145"]
[Date "2019.3.5"]
[Round "-"]
[White "WLAO"]
[Black "bluprince"]
[Result "0-1"]
[WhiteElo "1598"]
[BlackElo "1918"]

1. b3 e5 2. Bb2 Nc6 3. e4 Nf6 4. d3 d5 5. exd5 Qxd5 6. Nf3 e4 7. Nfd2 Bg4 8. Qc1
exd3 9. Nc3 Qe6+ 10. Nde4 Nxe4 11. Qe3 d2+ 12. Qxd2 Nxd2+ 13. Kxd2 O-O-O+ 14.
Bd3 Nb4 15. Rhe1 Qh6+ 16. Re3 Bc5 17. Nb5 Bxe3+ 18. fxe3 Nxd3 19. cxd3 Rhe8 20.
Nxa7+ Kb8 21. Rc1 Qxe3+ 22. Kc3 Qd4+ 23. Kc2 Qxd3# 0-1

[Event "Challenge"]
[Site "http://www.queenalice.com/game.php?id=1563451"]
[Date "2019.3.7"]
[Round "-"]
[White "WLAO"]
[Black "bluprince"]
[Result "0-1"]
[WhiteElo "1559"]
[BlackElo "1921"]

1. e4 e5 2. Bc4 Nf6 3. d3 Bc5 4. Nf3 Ng4 5. O-O d6 6. Bg5 Nf6 7. Qd2 h6 8. Bxf6
Qxf6 9. Qa5 b6 10. Qc3 Nc6 11. Bb5 Bd7 12. Nbd2 Bd4 13. Qb3 a6 14. Bxc6 Bxc6 15.
c3 Bc5 16. a3 b5 17. Qd1 Bd7 18. b4 Bb6 19. Rc1 c6 20. c4 bxc4 21. Nxc4 Bd8 22.
Qe2 Qg6 23. a4 Bh3 24. g3 Bxf1 25. Qxf1 O-O 26. Kg2 f5 27. exf5 Qxf5 28. Nxd6
Qxf3+ 29. Kg1 Bb6 30. Rc2 Bxf2+ 31. Rxf2 Qxf2+ 32. Qxf2 Rxf2 33. Kxf2 Rd8 34.
Nb7 Rxd3 35. Nc5 Ra3 36. a5 Ra2+ 37. Kg1 Rb2 38. Nd3 Rc2 39. Nxe5 c5 40. bxc5
Rxc5 41. Ng6 Rxa5 42. Ne7+ Kf7 43. Nc6 Ra2 44. Nd8+ Kf6 45. Nb7 a5 46. h4 a4 47.
Nc5 a3 48. Ne4+ Ke5 49. Nc3 Rc2 50. Nb5 a2 51. Nc3 a1=Q+ 52. Nd1 Qxd1# 0-1

[Event "Challenge"]
[Site "http://www.queenalice.com/game.php?id=1564468"]
[Date "2019.3.16"]
[Round "-"]
[White "elisa"]
[Black "bluprince"]
[Result "1-0"]
[WhiteElo "1804"]
[BlackElo "1911"]

1. e4 e5 2. Nf3 Nc6 3. Bc4 h6 4. O-O Nf6 5. Re1 Be7 6. Nc3 Bc5 7. Na4 Qe7 8.
Nxc5 Qxc5 9. d3 Qd6 10. Nh4 g6 11. b3 a6 12. a4 Na5 13. Ba3 c5 14. Bb2 Nxc4 15.
bxc4 a5 16. Qf3 Qe7 17. Bc3 Nh5 18. g3 d6 19. Rab1 Rb8 20. Rb5 b6 21. Reb1 Qe6
22. Rxb6 Rxb6 23. Rxb6 O-O 24. Bxa5 Bd7 25. Bd2 Bxa4 26. Qd1 Bd7 27. Bxh6 Re8
28. Qa1 Nf6 29. Bg5 Ng4 30. Qa7 Nxf2 31. Kxf2 Qg4 32. Nf3 Qe6 33. Qc7 Rc8 34.
Rb8 Qe8 35. Rxc8 Qxc8 36. Qxd6 Bg4 37. Nxe5 Bh5 38. Qf6 Qe6 39. Qxe6 fxe6 40.
Nxg6 Bxg6 41. Be7 Kf7 42. Bxc5 Ke8 43. g4 1-0

[Event "Challenge"]
[Site "http://www.queenalice.com/game.php?id=1564579"]
[Date "2019.3.17"]
[Round "-"]
[White "Eggchaser"]
[Black "bluprince"]
[Result "1-0"]
[WhiteElo "1795"]
[BlackElo "1933"]

1. e4 e5 2. Nf3 d6 3. d4 Be7 4. dxe5 Bg4 5. Be2 dxe5 6. Qxd8+ Bxd8 7. Nxe5 Bxe2
8. Kxe2 Nf6 9. f3 O-O 10. Nc3 Re8 11. Nd3 Nbd7 12. Be3 c6 13. Kf2 Bc7 14. Rhe1
Bxh2 15. g3 Nh5 16. Ne2 Bxg3+ 17. Nxg3 Nxg3 18. Kxg3 b6 19. Rad1 Nf6 20. Nf4 Re5
21. Kf2 c5 22. b4 c4 23. Bd4 Rg5 24. Bxf6 gxf6 25. Nd5 Kg7 26. Ne7 Kf8 27. Nf5
h5 28. Rd6 Rxf5 29. exf5 Kg7 30. Rg1+ Kh7 31. Rxf6 Rg8 32. Rxf7+ Kh8 33. Rxg8+
Kxg8 34. Rxa7 1-0

[Event "Challenge"]
[Site "http://www.queenalice.com/game.php?id=1568257"]
[Date "2019.4.19"]
[Round "-"]
[White "bluprince"]
[Black "elisa"]
[Result "0-1"]
[WhiteElo "1891"]
[BlackElo "1767"]

1. e4 e5 2. Nf3 Nf6 3. Nc3 Nc6 4. h3 Bc5 5. Bb5 a6 6. Bxc6 O-O 7. Ba4 b5 8. Bb3
d6 9. Ng5 h6 10. Nxf7 Qe7 11. Nxd6+ Kh7 12. Nxc8 Raxc8 13. Qf3 Nd7 14. Nd5 Qd6
15. Qg4 Bxf2+ 16. Ke2 c6 17. Ne3 Bxe3 18. Qe6 Rf2+ 19. Kxe3 Qd4# 0-1

[Event "Challenge"]
[Site "http://www.queenalice.com/game.php?id=1575986"]
[Date "2019.7.1"]
[Round "-"]
[White "WLAO"]
[Black "bluprince"]
[Result "0-1"]
[WhiteElo "1616"]
[BlackElo "1870"]

1. b3 Nc6 2. Bb2 e5 3. e4 Nf6 4. d3 d6 5. Nf3 h6 6. g3 d5 7. Nbd2 Bg4 8. Bg2 d4
9. O-O Qd7 10. a3 a6 11. b4 h5 12. Qe1 Be7 13. Ng5 h4 14. gxh4 Nh5 15. Ndf3 f6
16. Nf7 Kxf7 17. c3 Nf4 18. Bc1 Nxg2 19. Kxg2 Bh3+ 20. Kh1 Qg4 21. Rg1 Qxf3+ 0-1

[Event "Challenge"]
[Site "http://www.queenalice.com/game.php?id=1575987"]
[Date "2019.7.1"]
[Round "-"]
[White "WLAO"]
[Black "bluprince"]
[Result "0-1"]
[WhiteElo "1662"]
[BlackElo "1882"]

1. b3 e5 2. d3 Nc6 3. Bb2 Bc5 4. Nf3 Qf6 5. e3 Qd6 6. Nbd2 Nf6 7. Qe2 O-O 8. g3
Re8 9. Bg2 Nb4 10. Qd1 e4 11. a3 exf3 12. Nxf3 Nc6 13. O-O b5 14. b4 Bb6 15.
Bxf6 Qxf6 16. d4 d5 17. c3 Bg4 18. Qe2 Re6 19. h3 Bf5 20. Nh4 Ne7 21. Qxb5 c6
22. Qa6 Ng6 23. Nxf5 Qxf5 24. Qb7 Rae8 25. a4 R6e7 26. Qxc6 Rc8 27. Qb5 Rxc3 28.
a5 Bd8 29. Qb8 Rc8 30. Qb5 Qd7 31. Qxd7 Rxd7 32. h4 Rb7 33. Bxd5 Rxb4 34. Rfd1
Rb5 35. Be4 Bxa5 36. Rdb1 Rcb8 37. Rxb5 Rxb5 38. Bc6 Rb6 39. Rxa5 Rxc6 40. Rxa7
h5 41. Ra8+ Kh7 42. Ra5 Kh6 43. d5 Rf6 44. e4 Ne5 45. f4 Nc4 46. Rc5 Nd2 47. Rc6
Nxe4 48. Rxf6+ Nxf6 49. d6 Kg6 50. Kf2 Kf5 51. Kf3 Ke6 52. Ke3 Kxd6 53. f5 Ke5
54. Kf3 Kxf5 55. Ke3 Kg4 56. Kd4 Kxg3 57. Ke5 Kxh4 58. Kf5 Kg3 59. Kg5 h4 60.
Kf5 h3 61. Ke5 h2 62. Kd6 Nh5 63. Ke7 f5 64. Ke6 f4 65. Ke5 f3 66. Kf5 Kh4 67.
Kg6 h1=Q 68. Kh7 f2 69. Kg8 f1=Q 70. Kh7 Qa6 71. Kh8 Qhb7 72. Kg8 g5 73. Kf8
Qaa8# 0-1

[Event "Challenge"]
[Site "http://www.queenalice.com/game.php?id=1576746"]
[Date "2019.7.9"]
[Round "-"]
[White "WLAO"]
[Black "bluprince"]
[Result "0-1"]
[WhiteElo "1638"]
[BlackElo "1876"]

1. e4 e5 2. Bc4 Nf6 3. Nc3 h6 4. Qf3 Nc6 5. d3 Nd4 6. Qd1 d6 7. Nf3 Bg4 8. Be3
Nxf3+ 9. gxf3 Bh5 10. Qe2 a6 11. O-O-O Qd7 12. Kb1 Qh3 13. d4 Rd8 14. dxe5 dxe5
15. Rxd8+ Kxd8 16. Rd1+ Nd7 17. Bxa6 g5 18. Bxb7 Bxf3 19. Qa6 Bxd1 20. Nxd1 Bg7
21. Qa8+ Ke7 22. Qa3+ Kf6 23. Bc6 Qe6 24. Bxd7 Qxd7 25. Bc5 Qxd1# 0-1

[Event "Challenge"]
[Site "http://www.queenalice.com/game.php?id=1577579"]
[Date "2019.7.16"]
[Round "-"]
[White "elisa"]
[Black "bluprince"]
[Result "1-0"]
[WhiteElo "1936"]
[BlackElo "1889"]

1. e4 e5 2. Nf3 Nc6 3. Nc3 h6 4. Bb5 a6 5. Bxc6 dxc6 6. O-O Bd6 7. d4 exd4 8.
Qxd4 Rh7 9. Ne2 Bg4 10. e5 Bxf3 11. gxf3 Be7 12. Qe4 g6 13. Be3 Qd5 14. Qf4 Bg5
15. Qg3 Qb5 16. Rfe1 Bxe3 17. fxe3 O-O-O 18. b3 Qc5 19. f4 Qxc2 20. Nd4 Qe4 21.
Qg4+ Kb8 22. Rad1 Ne7 23. Kf1 Nf5 24. Nxc6+ bxc6 25. Rxd8+ Kb7 26. Kf2 Qc2+ 27.
Qe2 Qc5 28. Red1 Ne7 29. R1d7 Rg7 30. Qd2 g5 31. Rxc7+ Kxc7 32. Qd7+ 1-0

[Event "Let's Play Chess!"]
[Site "http://www.queenalice.com/game.php?id=1577862"]
[Date "2019.7.20"]
[Round "-"]
[White "charles31"]
[Black "bluprince"]
[Result "0-1"]
[WhiteElo "1844"]
[BlackElo "1875"]

1. d4 d5 2. e3 a6 3. Nc3 Nf6 4. h3 e6 5. Nf3 Nc6 6. Bd3 Bb4 7. Bd2 h6 8. a3 Bxc3
9. Bxc3 Qe7 10. Qd2 O-O 11. Ne5 Nxe5 12. f4 Nxd3+ 13. Qxd3 a5 14. g4 b6 15. g5
Ba6 16. Qd1 Ne4 17. Qh5 Ng3 18. Qf3 Nxh1 19. Qxh1 h5 20. h4 g6 21. e4 Qe8 22.
O-O-O Qb5 23. exd5 exd5 24. Qf3 Rae8 25. f5 Re4 26. f6 Rxh4 27. Rg1 Re8 28. Bd2
Rxd4 29. Rh1 Qe2 30. Qxe2 Rxe2 31. Bc3 Rg4 32. Rd1 Rxg5 0-1

[Event "Brechtien"]
[Site "http://www.queenalice.com/game.php?id=1578746"]
[Date "2019.7.28"]
[Round "1"]
[White "Daniel1962"]
[Black "bluprince"]
[Result "1-0"]
[WhiteElo "1774"]
[BlackElo "1890"]

1. e4 e5 2. Bc4 Nf6 3. d3 h6 4. Nf3 Nc6 5. Nc3 Be7 6. Nd5 Nxd5 7. Bxd5 O-O 8. c4
Bc5 9. Bxc6 dxc6 10. Nxe5 Qf6 11. Nf3 Bg4 12. Bd2 Rad8 13. Bc3 Qg6 14. Be5 Bb4+
15. Bc3 Bxc3+ 16. bxc3 Rfe8 17. Qe2 Qf6 18. d4 c5 19. e5 Bxf3 20. Qxf3 Qxf3 21.
gxf3 cxd4 22. O-O-O dxc3 23. Kc2 Rxd1 24. Rxd1 Rxe5 25. Kxc3 b5 26. cxb5 Rxb5
27. a4 Rh5 28. Rd7 Rxh2 29. Rxc7 Rg2 30. Rxa7 h5 31. a5 h4 32. a6 h3 33. Ra8+
Kh7 34. a7 h2 35. Rh8+ Kxh8 36. a8=Q+ Kh7 37. Qe4+ Rg6 38. f4 Kh6 39. Qh1 1-0

[Event "Brechtien"]
[Site "http://www.queenalice.com/game.php?id=1601760"]
[Date "2020.3.6"]
[Round "2"]
[White "bluprince"]
[Black "Petruzza"]
[Result "0-1"]
[WhiteElo "1869"]
[BlackElo "1844"]

1. e4 e5 2. Nf3 Nc6 3. Bc4 a6 4. d3 b5 5. Bd5 a5 6. Ng5 Nh6 7. Qf3 Qf6 8. Be3
Nd4 9. Qxf6 gxf6 10. Na3 c6 11. Bxc6 dxc6 12. c3 b4 13. cxd4 bxa3 14. Nf3 axb2
15. Rd1 Ng4 16. O-O Nxe3 17. fxe3 exd4 18. Nxd4 Be6 19. Nxe6 fxe6 20. Rxf6 Rb8
21. Rb1 Ba3 22. Rxe6+ Kd7 23. Rf6 c5 24. Rf2 Ke6 25. Rc2 c4 26. d4 Rhc8 27. Kf2
c3 28. Ke2 Bd6 29. h3 Rb4 30. Kd3 Rbc4 31. g4 a4 32. g5 a3 33. h4 Bg3 34. h5 Bh4
35. g6 hxg6 0-1

[Event "Challenge"]
[Site "http://www.queenalice.com/game.php?id=1602781"]
[Date "2020.3.16"]
[Round "-"]
[White "bluprince"]
[Black "jorm"]
[Result "1-0"]
[WhiteElo "1852"]
[BlackElo "1829"]

1. e4 e5 2. Nf3 Nc6 3. Nc3 a6 4. a3 h6 5. d3 Bc5 6. Qe2 d6 7. h3 Nge7 8. Be3 Ba7
9. Qd2 f5 10. g3 Nd4 11. Bxd4 exd4 12. Ne2 c5 13. exf5 Bxf5 14. Bg2 Qc7 15. g4
Bd7 16. O-O Bc6 17. Qe1 O-O-O 18. c3 dxc3 19. Qxc3 g5 20. d4 Bb5 21. Rfe1 Nd5
22. Qd2 Bc6 23. Rac1 b6 24. b4 Rdf8 25. Qd3 Kb7 26. Bf1 Nf4 27. Nxf4 Rxf4 28. d5
Bb5 29. Qc3 Rg8 30. Bxb5 axb5 31. Re3 c4 32. Rce1 Rf7 33. Nd4 Qd7 34. Re6 h5 35.
Nf5 Bb8 36. Nh6 Rgg7 37. Nxf7 Rxf7 38. gxh5 Ka6 39. Qh8 1-0

[Event "Challenge"]
[Site "http://www.queenalice.com/game.php?id=1608691"]
[Date "2020.4.21"]
[Round "-"]
[White "jorm"]
[Black "bluprince"]
[Result "0-1"]
[WhiteElo "1853"]
[BlackElo "1867"]

1. e4 e5 2. Nc3 Nf6 3. Nf3 Nc6 4. a3 Bc5 5. h3 d5 6. exd5 Nxd5 7. b4 Nxc3 8.
dxc3 Bxf2+ 9. Ke2 Qxd1+ 10. Kxd1 Bf5 11. Bb2 O-O-O+ 12. Kc1 Be3+ 13. Kb1 Rd1+
14. Ka2 Rxa1+ 15. Bxa1 a6 16. Ne1 Rd8 17. Kb2 e4 18. g4 Be6 19. Ng2 Bd2 20. b5
axb5 21. Bxb5 Na5 22. Rf1 Nc4+ 23. Bxc4 Bxc4 24. Rh1 Rd6 25. a4 e3 26. Ne1 Rb6+
27. Ka3 Rb1 28. Bb2 Rxe1 0-1

[Event "Brechtien"]
[Site "http://www.queenalice.com/game.php?id=1634600"]
[Date "2020.11.28"]
[Round "3"]
[White "NetoJA"]
[Black "bluprince"]
[Result "0-1"]
[WhiteElo "1744"]
[BlackElo "1882"]

1. d4 d5 2. Bf4 Nc6 3. e3 Nf6 4. Nc3 a6 5. Qd2 Bf5 6. O-O-O e6 7. Nf3 Bb4 8. Bd3
Bxd3 9. Qxd3 Bxc3 10. Qxc3 Ne4 11. Qe1 Qe7 12. Nd2 g5 13. Nxe4 dxe4 14. Bg3
O-O-O 15. h4 g4 16. h5 h6 17. Rh4 f5 18. Qc3 Rd5 19. Rhh1 a5 20. a4 Qd7 21. Be5
Nxe5 22. dxe5 Rd8 23. Rxd5 Qxd5 24. b3 b6 25. Qe1 Qxe5 26. Kb1 Qc5 27. Qe2 Kb7
28. Rd1 Qe7 29. f3 Rxd1+ 30. Qxd1 Qh4 31. fxg4 fxg4 32. Qd7 Qxh5 33. Qxe6 Qh1+
34. Kb2 Qxg2 35. Qxh6 Qf3 36. Qg5 g3 37. Qd5+ Ka7 38. Qc6 Kb8 39. Qe8+ Kb7 40.
Qe5 g2 41. Qd5+ Kc8 42. Qa8+ Kd7 43. Qd5+ Kc8 44. Qa8+ Kd7 45. Qd5+ Ke7 46. Qe5+
Kf7 47. Qxc7+ Kg6 48. Qd6+ Qf6+ 0-1

[Event "Brechtien"]
[Site "http://www.queenalice.com/game.php?id=1641686"]
[Date "2021.1.27"]
[Round "4"]
[White "bluprince"]
[Black "fabricioprado"]
[Result "1-0"]
[WhiteElo "1892"]
[BlackElo "1722"]

1. e4 c5 2. Bc4 e6 3. Nf3 d6 4. Nc3 Nf6 5. Qe2 Be7 6. e5 Nfd7 7. exd6 Bxd6 8.
O-O O-O 9. b3 Nf6 10. Bb2 a6 11. Rfe1 b5 12. Bd3 Nc6 13. Ne4 Bb7 14. Nfg5 h6 15.
Nxf6+ gxf6 16. Nh7 Be7 17. Nxf8 Qxf8 18. Qg4+ Qg7 19. Qxg7+ Kxg7 20. Re3 e5 21.
Rg3+ Kh8 22. Rh3 Bf8 23. c3 Bg7 24. Re1 Rd8 25. Bc1 Ne7 26. Be4 Bxe4 27. Rxe4
Kh7 28. Reh4 Ng6 29. Re4 Nf4 30. Rg3 Rd3 31. Rxd3 Nxd3 32. Ba3 a5 33. Re3 Nf4
34. Bxc5 Nd5 35. Rd3 Nf4 36. Rd7 Kg6 37. Bb6 a4 38. bxa4 bxa4 39. Ra7 Nd5 40.
Bc5 Nf4 41. Rxa4 Nd3 42. Be7 Nf4 43. Ra8 Nd5 44. Ra7 Nb6 45. a4 1-0